000 00781pam a2200253 a 4500
001 2489222
003 OSt
005 20140310182036.0
008 911205r19921991tnu 000 0 eng
010 _a 91045871
020 _a0340546107
040 _aDLC
_cDLC
_dDLC
050 0 0 _aBT 202
_b.G795 1990
082 0 0 _aHS 232
_bGRE 1990
100 1 _aGreen, Michael
_d1930-
_910768
245 1 0 _aWho is this Jesus? /
_cMichael Green.
260 _aNashville :
_bO. Nelson,
_cc1990.
300 _a133 p. :
_c17cm.
600 0 0 _aJesus Christ
_xPerson and offices.
_910769
906 _a7
_bcbc
_corignew
_d1
_eocip
_f19
_gy-gencatlg
942 _2lcc
_cHS
_kHS
999 _c8696
_d8696